Guangdong tu di qi yue wen shu(han Hainan) /

Saved in:
Bibliographic Details
Other Authors: Tan, Dihua., Xian, Jianmin.
Format: Book
Language:Chinese
Published: Guangzhou : Ji nan da xue chu ban she, 2000.
Edition:Di 1 ban.
Subjects:
Tags: Add Tag
No Tags, Be the first to tag this record!
LEADER 00957nam a2200277 a 4500
001 008569770-2
005 20100624113331.0
008 010531s2000 cc 000 0 chi d
020 |a 7810299050 
035 0 |a ocm47159186 
040 |a MnU  |c MnU  |d MH-HY 
050 0 0 |a HD929.G837  |b G837 2000 
245 0 0 |6 880-01  |a Guangdong tu di qi yue wen shu(han Hainan) /  |c Tan Dihua, Xian Jianmin bian. 
250 |6 880-02  |a Di 1 ban. 
260 |6 880-03  |a Guangzhou :  |b Ji nan da xue chu ban she,  |c 2000. 
650 0 |a Contracts for deeds  |z China  |z Guangdong Sheng. 
650 0 |a Contracts for deeds  |z China  |z Hainan Sheng. 
700 1 |6 880-04  |a Tan, Dihua. 
700 1 |6 880-05  |a Xian, Jianmin. 
880 0 0 |6 245-01  |a 廣東土地契約文書(含海南) /  |c 譚棣華, 冼劍民编. 
880 |6 250-02  |a 第1版. 
880 |6 260-03  |a 廣州 :  |b 暨南大学出版社,  |c 2000. 
880 1 |6 700-04  |a 譚棣華. 
880 1 |6 700-05  |a 冼劍民. 
988 |a 20021213 
906 |0 OCLC